00401nam a2200097Ia 4500008004100000100002400041245011200065260003800177650002700215856006100242160909s9999 xx 000 0 und d aMargarella, Erin E. a"It's Not Pixie Dust": An Exploratory Qualitative Case Study of a School-Based Multimodal Tablet Initiative bUniversity of South Floridac2016 aInformation Technology uhttp://pqdtopen.proquest.com/doc/1793670731.html?FMT=ABS